000 00780nam0a22002411 4500
001 rc\4290027
005 20250611151632.0
035 _a(NLR Aleph) 008252204
090 _a8343257
_c8343257
100 _a20130416d1961 |||y0rusy50 ca
101 0 _arus
102 _aRU
105 _aa j |||||
200 1 _aМетоды исследования радиоизлучений
_e(Лекции)
_fВоен.-мор. ордена Ленина акад.
210 _aЛенинград
_cБ. и.
_d1961
215 _a53 л.
_cчерт.
_d30
333 _aПродаже не подлежит
700 1 _aБренев
_bИ.В.
_f1901-
_gИгорь Васильевич
801 0 _aRU
_bNLR
_gpsbo
801 1 _aRU
_bELAR
_2rusmarc
852 _aNLR
_j62-8/490
942 _cBOOK
980 _aNB